| 000 | 00829nam a22001697a 4500 | ||
|---|---|---|---|
| 008 | 180802b xxu||||| |||| 00| 0 eng d | ||
| 020 | _a9781133582953 | ||
| 050 | _aHD30.4.G74 | ||
| 100 | _aGriffin, Ricky W. | ||
| 245 |
_aManagement skills: assessment and development. / _cRicky W. Griffin and David D. Van Fleet. |
||
| 260 |
_aLondon : _bSouth-Western Cengage Learning, _c2014 |
||
| 300 |
_axix, 430p. : _bill. ; _c28 cm. |
||
| 500 | _aIncludes appendix, glossary and index. | ||
| 505 | _aContents: Basic management skills -- Learning and developing management skills -- Time-management skills -- Interpersonal skills -- Conceptual skills -- Diagnostic skills -- Communication skills -- Decision-making skills -- Technical skills -- Transitioning from managing to leading. | ||
| 700 | _aVan Fleet, David D. | ||
| 942 |
_2lcc _cBK |
||
| 999 |
_c6621 _d14121 |
||